000 00842nam a22002417a 4500
999 _c11232
_d11232
003 AR-CdUCM
008 190403b ||||| |||| 00| 0 spa d
040 _aMUNICIPALIDAD PROVINCIAL DEL CUSCO
_cBIBLIOTECA MUNICIPAL DEL CUSCO
082 _aC / 869.5018 /
_bAN62
110 _aCentro Inka Garcilaso.
_928490
245 _aAntología Poética del Cuzco :
_bJuegos florales de 1940 i poesía Cuzqueña Contemporánea /
260 _aCusco :
_bH.G. Rozas Sucs,
_c1940.
300 _a90 páginas ;
_c21 cm.
440 _aEdiciones "Centro Inka Garcilaso".
_928491
500 _aAntes del título: Ediciones "Centro Inka Garcilaso".
505 _aContenido: Poemas.
650 _aPoesía Peruana
_92266
650 _aSiglo XX
_98
650 _aColecciones
_9607
650 _aCusco
_9772
942 _2ddc
_cLIBROS
945 _aachl
_d2019-04-04